00352nam a2200121Ia 4500008004100000082002000041100002100061245003700082260004500119650001700164650002500181650002400206220204s9999 xx 000 0 und d a631/635bADV.88 aSparks, Donald L 0aAdvances in agronomy. V.88. 2005 aSan DiegobElsevier Academic Pressc2005 aBiodiversity aCarbon sequestration aLand use management